000 00687nas a2200217 4500
001 BR8706550
003 BR-BrBNA
005 20231205090855.0
007 ta
008 230509b bl.|||p| |||| 00| 00por d
040 _aBR-BrBNA
_bpor
_cBiblioteca Nacional de Agricultura
041 _a(En)
072 _aF60
100 1 _aGottlieb, O.R.
245 1 _aPhytochemistry and the evolution of Angiosperms [Fitoquimica, evolucao]
650 _aARVORE ANGIOSPERMA
650 _aANALISE QUIMICA
773 0 _tAnais da Academia Brasileira de Ciencias (Brazil)
_xISSN 0001-3765
_g(Mar 1984), v. 56(1) p. 43-50
_wBR8706550
909 _a202311
_bLúcia
_c55
_dLúcia Elande
942 _2AGRIS
_n0
_cANA
999 _c121376
_d121376